Statistiques concernant Nommez un pays valide pour chaque nombre de lettres

Cliquez ici pour prendre le quiz!

Statistiques générales

  • Ce quiz a été pris 2 235 fois
    (1 311 depuis la dernière actualisation)
  • Le résultat moyen est 8 sur 10

Statistiques - réponses

Nombre de LettresPaysNombre de possibilitésPays possibles% Correct
6France, Italie, Russie, Brésil, Suisse, Canada, Egypte, Israël...27Angola | Belize | Brésil | Brunei | Canada | Chypre | Egypte | France | Gambie | Guinée | Guyana | Israël | Italie | Kosovo | Koweït | Malawi | Monaco | Palaos | Panama | Russie | Rwanda | Serbie | Soudan | Suisse | Taïwan | Tuvalu | Zambie
99%
5Chine, Japon, Suède, Maroc, Grèce, Qatar, Pérou, Kenya, Chili...25Bénin | Chili | Chine | Fidji | Gabon | Ghana | Grèce | Haïti | Japon | Kenya | Liban | Libye | Malte | Maroc | Nauru | Népal | Niger | Pérou | Qatar | Samoa | Suède | Syrie | Tchad | Tonga | Yémen
97%
7Espagne, Algérie, Mexique, Turquie, Pologne, Norvège, Tunisie...37Albanie | Algérie | Andorre | Arménie | Bahamas | Bahreïn | Barbade | Bhoutan | Bolivie | Burundi | Comores | Croatie | Espagne | Estonie | Géorgie | Grenade | Hongrie | Irlande | Islande | Lesotho | Liberia | Maurice | Mexique | Namibie | Nigeria | Norvège | Ouganda | Pologne | Sénégal | Somalie | Tunisie | Turquie | Ukraine | Uruguay | Vanuatu | Vatican | Viêt Nam
95%
4Inde, Iran, Cuba, Mali, Irak, Oman, Togo, Laos8Cuba | Inde | Irak | Iran | Laos | Mali | Oman | Togo
95%
8Belgique, Autriche, Colombie, Portugal, Tanzanie, Mongolie...34Autriche | Belgique | Birmanie | Botswana | Bulgarie | Cambodge | Cameroun | Colombie | Danemark | Djibouti | Equateur | Erythrée | Eswatini | Ethiopie | Finlande | Honduras | Jamaïque | Jordanie | Kiribati | Lettonie | Lituanie | Malaisie | Maldives | Moldavie | Mongolie | Pakistan | Paraguay | Portugal | Roumanie | Salvador | Slovénie | Suriname | Tanzanie | Zimbabwe
93%
9Allemagne, Australie, Argentine, Thaïlande, Indonésie, Venezuela...11Allemagne | Argentine | Australie | Dominique | Guatemala | Indonésie | Nicaragua | Singapour | Slovaquie | Thaïlande | Venezuela
88%
11Afghanistan, Philippines, Biélorussie, Ouzbékistan, Azerbaïdjan...6Afghanistan | Azerbaïdjan | Biélorussie | Ouzbékistan | Philippines | Tadjikistan
70%
10Madagascar, Luxembourg, Bangladesh, Kazakhstan, Seychelles...8Bangladesh | Kazakhstan | Luxembourg | Madagascar | Mauritanie | Monténégro | Mozambique | Seychelles
68%
12Kirghizistan, Turkménistan2Kirghizistan | Turkménistan
45%
13Liechtenstein1Liechtenstein
20%

Distribution des résultats

Percentile par nombre de réponses

% des personnes avec chaque résultat

Votre développement - résultats

Vous n’avez pas pris ce quiz depuis la dernière actualisation